| 000 | 00897nam a2200277 i 4500 | ||
|---|---|---|---|
| 001 | bg | ||
| 245 | 0 | 0 |
_aBiotechnology for water use and conservation : _bthe Mexico '96 workshop / _cOrganisation for Economic Co-operation and Development. |
| 260 |
_aParis : _bOECD, _c1997. |
||
| 300 |
_a728 s. ; _crys., wykr. + _e26 cm. |
||
| 490 | 1 | _aOECD Documents | |
| 500 | _aWstęp w jęz. franc. | ||
| 504 | _aBibliogr. przy ref. | ||
| 610 | 2 | 9 |
_aOrganizacja Współpracy Gospodarczej i Rozwoju _xzagadnienia |
| 650 | 9 |
_aBiotechnologia _xstosowanie |
|
| 650 | 9 |
_aWoda _xgospodarka |
|
| 650 | 9 |
_aWoda _xhigiena i ochrona |
|
| 655 | _aMateriały konferencyjne | ||
| 830 | _aOECD Documents | ||
| 020 | _a9264155945 | ||
| 040 | _cBPK | ||
| 041 | 0 |
_aen _bfr |
|
| 080 | _a579.6:663/664:577:504.4:628.1](061) | ||
| 920 | _a92-64-15594-5 | ||
| 942 | _cKS | ||
| 008 | s pl f |000 0 pol | ||
| 999 |
_c34768 _d34768 |
||